000 01338nam a2200349 a 4500
001 000109088
003 CHAP
005 20220329144036.0
008 140402s2013 mx a sm |||||||spa d
010 _a105550
011 _a106522
040 _cCHAP
090 _aTesis
100 1 _aLópez García, Raúl
_9126199
245 1 0 _aEvaluación de la condición corporal de los individuos juveniles de Gopherus flavomarginatus bajo condiciones de cautiverio
_h[En línea]
_cpor Raúl López García.
260 _aChapingo, Méx. :
_bEl autor.,
_c2013.
500 _aPara ver el contenido del material haga clic en la liga
502 _aTesis (Ing. Agr. Esp. en Sistemas Agrícolas ) -- UACH. Dirección de Centros Regionales
590 _aBATCH-UPD
_b05
_c20140402
_lUCH01
_h1215
590 _aBATCH-UPD
_b05
_c20141002
_lUCH01
_h0859
590 _aE5652GLJ
_b05
_c20140402
_lUCH01
_h1214
590 _aE5652GLJ
_b05
_c20140402
_lUCH01
_h1214
590 _aE5652GLJ
_b05
_c20140402
_lUCH01
_h1231
590 _aE5652GLJ
_b05
_c20140402
_lUCH01
_h1336
590 _aE5652GLJ
_b05
_c20141029
_lUCH01
_h1311
650 1 4 _aGopherus flavomarginatus
_xMorfología.
_9126211
650 1 4 _aTortuga
_xCautiverio.
_9114333
856 _aFinding aid
_uhttp://10.13.5.2/tesis/sist109088.pdf
_zTeclea aquí
901 _aBK
942 _cTESIS
942 _n0
999 _c105550
_d105550